000 02936nam0a2200373 4500
001 RU\NLR\BIBL_A\022102087
005 20260419235634.0
010 _a978-5-502-01658-2
_950
021 _aRU
_bКН-П-23-075004
_9КН-П-23-7578
035 _a(NLR Aleph) 022102087
035 _a(RuMoRGB)012311780
090 _a13658644
_c13658644
100 _a20231222d2023 u y0rusy50 ca
101 0 _arus
102 _aRU
105 _aa j 000yy
181 0 _ai3
_baxxe
182 1 _an
200 1 _aПроведение функциональных испытаний устройств защиты и автоматики присоединений 6-35 кВ с применением программно-аппаратного комплекса RTDS NovaCor
_eучебное пособие по направлению подготовки 13.04.02 - "Электроэнергетика и электротехника"
_fА. Л. Куликов, А. А. Лоскутов, И. А. Петров
_gМинистерство науки и высшего образования Российской Федерации, Федеральное государственное бюджетное образовательное учреждение высшего образования "Нижегородский государственный технический университет им. Р. Е. Алексеева"
203 _aТекст
_bвизуальный
_cнепосредственный
210 _aНижний Новгород
_cНижегородский государственный технический университет им. Р. Е. Алексеева
_d2023
215 _a138 с.
_cил., табл.
_d20
320 _aБиблиогр.: с. 122-124 (31 назв.)
606 1 _aРелейная защита
_xМикропроцессорные системы
_xИспытание
_jУчебные издания для высших учебных заведений
_2nlr_sh2
_3RU\NLR\AUTH\6601743400
606 1 _aRTDS NOVACOR, программно-технический комплекс
_jУчебные издания для высших учебных заведений
_2nlr_sh2
_3RU\NLR\AUTH\6601743399
686 1 _aЗ27-053-07я73-1
700 1 _aКуликов
_bА. Л.
_cд-р техн. наук, канд. экон. наук
_gАлександр Леонидович
_3RU\NLR\AUTH\7758537
701 1 _aЛоскутов
_bА. А.
_gАнтон Алексеевич
701 1 _aПетров
_bИ. А.
_cспециалист в обл. электроэнергетики
_gИлья Алексеевич
_3RU\NLR\AUTH\770263845
856 4 _qapplication/pdf
_s[140] с.
_uhttp://dlib.rsl.ru/rsl01012000000/rsl01012311000/rsl01012311780/rsl01012311780.pdf
_yЧитать
942 _cBOOK
980 _aNB